000 00454nam a2200181Ia 4500
001 20841
005 20260306172835.0
008 260306t2016||||xx |||||||||||||| ||spa||
041 _aESP
082 _a343.8
_bG312B
100 _aGaceta Jurídica
_eAUT
245 0 _aLos derechos del contribuyente:
_bun enfoque constitucional
260 _c2016
300 _a255 páginas :
_c24 cm.
650 _aGEN
654 _aCDE
942 _cLIB
_dJUS
_fJUS
_2ddc
_n
999 _c20841
_d20841